000 00837nam a2200241 a 4500
001 000026027
005 20200930024236.0
008 110225s1975 sp r 000 0 spa d
020 _a8432076422
040 _aDO-SdBNP
_bspa
_cBNPHU
041 1 7 _aspa
_hger
_2Código de idiomas MARC
082 _ann*
_bnn*
100 1 _aWeisstein, Ulrich.
_952939
240 1 0 _aEinführung in die vergleichende literatuwissenschaft.
_lEspañol
245 1 0 _aIntroducción a la literatura comparada /
_cUlrich Weisstein ; traducción de Ma. Teresa Piñel.
260 _aBarcelona :
_bPlaneta,
_c1975.
300 _a329 p. ;
_c21 cm.
490 1 _aEnsayos.
_v42
534 _aTítulo original :
_tEinführung in die vergleichende literatuwissenschaft
700 1 _aPiñel, Maria Teresa,
_etr.
_952940
830 0 _aEnsayos.
_v42
_911110
049 _aBNGR
999 _c25519
_d25519